00482nam a22001457a 4500020000800000040001600008082001600024100003500040245005800075260003700133300003700170942001200207999001900219952009800238 qPB. cFizza Ishaq a658.84bSID aHuff, Laurence Sidney.9134314 aCases In Electronic Commerce /cSidney Laurence Huff. aNew York :bMc Graw Hill,c1999. a470 p, ;c7.25 x 1 x 9.25 inches 2ddccBK c617288d617288 00102ddc4070aNQCbNQCcGENd2026-05-04l0o658.84 SIDpQD-394r2026-05-04w2026-05-04yBK